Statistics for 1990's BEST TRIVIA EVER!!!

Click here to take the quiz!

General Stats

  • This quiz has been taken 62 times
    (51 since last reset)
  • The average score is 13 of 28

Answer Stats

HintAnswer% Correct
This was the highest grossing movie of the 90'sTitanic
86%
This basketball player retired in 91' after announcing he was HIV positive.Earvin "Magic" Johnson Jr
81%
"you got mail"AOL
81%
He was president for most of the 1990'sBill Clinton
78%
The most popular puzzle game for gameboyTetris
75%
They made it big in 1996 with a song called "mmmbop"Hanson
72%
Sang "Baby Got Back"Sir Mix a lot
67%
Mike Tyson bit off this Man's ear during their rematch boutEvander Holyfield
64%
They're the worlds most fearsome fighting teensTMNT
61%
'Slammers' were apart of everyone's arsenal with this popular playground game.Pogs
56%
The real American HeroesGI Joe
53%
People communicated 7153 7415 on these hand held devicesPagers
42%
What was the name of the high school in Saved by the bell?Bayside
39%
These were'nt finisher sweaters, they were ______ jacketsStarter
39%
"Damn Gina!"Martin
39%
What restaurant did the 90210 kids hang out atThe Peach Pit
36%
People thought this would end the world on December 31st, 1999Y2K virus
33%
Was the first animated film to be nominated for the acadamy award for Best PictureBeauty and the Beast
33%
Sega released this handheld system in 1991Game Gear
31%
Show about five teenagers with "Attitude"Mighty Morphin Power Rangers
31%
Camp Anawanna was the summer destination on this show.Salute your Shorts
28%
The popular kids toy where "you can even beat your very best score"...Skip-It Renaissance
25%
Nickelodeon ran this 2 hour block of shows, every Saturday night.SNICK
25%
It seemed every kid had one of these fabric-covered metal bands coiled around their wrist.Slap bracelets
22%
Darkwing Duck, TaleSpin, DuckTales, and Chip n' Dale Rescue Rangers were all apart of this orginal block of cartoons.The Disney Afternoon
19%
The cartoon that brought you "banging on a trash can."Doug
17%
This game show, put you inside a video game.Nick Arcade
14%
Forced by evil scientist to watch B movies until he breaks... name this showMystery Science Theatre 3000
14%

Score Distribution

Percentile by Number Answered

Percent of People with Each Score

Your Score History

You have not taken this quiz since the last reset